<?xml version="1.0" encoding="UTF-8"?>
<collection xmlns="http://www.loc.gov/MARC21/slim">
 <record>
  <leader>01229nam  2200349#c 4500</leader>
  <controlfield tag="001">UMA-12047</controlfield>
  <controlfield tag="003">UMA</controlfield>
  <controlfield tag="005">20230415    193723</controlfield>
  <controlfield tag="008">080319suuuu####sp###########||||#0#spa#d</controlfield>
  <datafield tag="336" ind1=" " ind2=" ">
   <subfield code="a">texto</subfield>
  </datafield>
  <datafield tag="337" ind1=" " ind2=" ">
   <subfield code="a">no mediado</subfield>
  </datafield>
  <datafield tag="338" ind1=" " ind2=" ">
   <subfield code="a">volumen</subfield>
  </datafield>
  <datafield tag="901" ind1=" " ind2=" ">
   <subfield code="a">CD 744</subfield>
  </datafield>
  <datafield tag="080" ind1=" " ind2=" ">
   <subfield code="a">780.8</subfield>
  </datafield>
  <datafield tag="092" ind1=" " ind2=" ">
   <subfield code="a">CD 744</subfield>
  </datafield>
  <datafield tag="245" ind1=" " ind2=" ">
   <subfield code="a">W. A. Mozart</subfield>
   <subfield code="b">el rapto en el Serrallo</subfield>
  </datafield>
  <datafield tag="100" ind1=" " ind2=" ">
   <subfield code="a">Mozart</subfield>
   <subfield code="b">Wolfgang Amadeus</subfield>
  </datafield>
  <datafield tag="650" ind1=" " ind2=" ">
   <subfield code="a">Arte</subfield>
  </datafield>
  <datafield tag="650" ind1=" " ind2=" ">
   <subfield code="a">Música</subfield>
  </datafield>
  <datafield tag="650" ind1=" " ind2=" ">
   <subfield code="a">Música clásica</subfield>
  </datafield>
  <datafield tag="650" ind1=" " ind2=" ">
   <subfield code="a">Historia de la música</subfield>
  </datafield>
  <datafield tag="650" ind1=" " ind2=" ">
   <subfield code="a">VERDI, GIUSEPPE (1813-1901)</subfield>
  </datafield>
  <datafield tag="650" ind1=" " ind2=" ">
   <subfield code="a">SCHUBERT, FRANZ (1797-1828)</subfield>
  </datafield>
  <datafield tag="650" ind1=" " ind2=" ">
   <subfield code="a">BEETHOVEN, LUDWIG VAN (1770-1827)</subfield>
  </datafield>
  <datafield tag="650" ind1=" " ind2=" ">
   <subfield code="a">HAENDEL, GEORG FRIEDRICH (1685-1759)</subfield>
  </datafield>
  <datafield tag="650" ind1=" " ind2=" ">
   <subfield code="a">DONIZETTI, GAETANO (1797-1848)</subfield>
  </datafield>
  <datafield tag="650" ind1=" " ind2=" ">
   <subfield code="a">Willaert, Adrian (1490-1562)</subfield>
  </datafield>
  <datafield tag="044" ind1=" " ind2=" ">
   <subfield code="a">sp#</subfield>
  </datafield>
  <datafield tag="500" ind1=" " ind2=" ">
   <subfield code="a">Contenido: Messa da Requiem: \&quot;Lacrymosa\&quot; / Verdi. \&quot;Der Wanderer\&quot;. Sonata no. 7 op. 122 D.568: \&quot;Minuetto. Allegretto. Trio\&quot; / Schubert. Triple Concerto: \&quot;Largo\&quot; / Beethoven. Sonata en Re mayor Op. 1 no. 13: \&quot;Allegro\&quot; / Haendel...</subfield>
  </datafield>
  <datafield tag="440" ind1=" " ind2=" ">
   <subfield code="a">Audio Clásica : en la elección del coleccionista</subfield>
   <subfield code="n">63</subfield>
  </datafield>
  <datafield tag="300" ind1=" " ind2=" ">
   <subfield code="a">1 disco son. (más de 40 minutos) : digital</subfield>
  </datafield>
  <datafield tag="260" ind1=" " ind2=" ">
   <subfield code="a">Madrid</subfield>
   <subfield code="b">Larpress</subfield>
   <subfield code="c">1999</subfield>
  </datafield>
 </record>
</collection>
